Howard de Walden Estates Ltd v Costain Management Design Ltd (Record no. 33468)
[ view plain ]
| 000 -LEADER | |
|---|---|
| fixed length control field | 01513cab a2200253 4500 |
| 001 - CONTROL NUMBER | |
| control field | ABS45699 |
| 008 - FIXED-LENGTH DATA ELEMENTS--GENERAL INFORMATION | |
| fixed length control field | 090401t1991 xxu||||| |||| 00| 0 eng d |
| 035 ## - SYSTEM CONTROL NUMBER | |
| System control number | (Sirsi) u54594 |
| 041 ## - LANGUAGE CODE | |
| Language code of text/sound track or separate title | eng |
| 245 ## - TITLE STATEMENT | |
| Title | Howard de Walden Estates Ltd v Costain Management Design Ltd |
| 260 ## - PUBLICATION, DISTRIBUTION, ETC. | |
| Date of publication, distribution, etc. | 1991 |
| 350 ## - PRICE (NR) (BK AM CF MU VM SE) [OBSOLETE] | |
| Price | 0 |
| 490 ## - SERIES STATEMENT | |
| Series statement | Construction Industry Law Letter |
| Volume/sequential designation | (1991) CILL 713-714(2) |
| 520 ## - SUMMARY, ETC. | |
| Summary, etc. | ORC 11 July 1991. Following the collapse of a wall during a subcontractor`s underpinning operations, it was discovered that the specification had not been followed, but also agreed that had it been observed, the damage would still have occured. The contractor duly carried out remedial work under architects` instructions, and dispute arose over who would bear the cost. At arbitration, and in the light of the Simplex case, C was seen to be entitled to be paid the costs incurred by the instructions. H appealed and the court reversed the decision, as the instructions were issued after a breach of contract by C, which had no parallel in Simplex. The judgement makes clear that instructions alone do not entitle the contractor to payment for work necessary to comply with those instructions. |
| 650 ## - SUBJECT ADDED ENTRY--TOPICAL TERM | |
| Topical term or geographic name entry element | ARCHITECTS' INSTRUCTIONS |
| 650 ## - SUBJECT ADDED ENTRY--TOPICAL TERM | |
| Topical term or geographic name entry element | BUILT ENVIRONMENT-BUILDING CONTRACT FORMS |
| 650 ## - SUBJECT ADDED ENTRY--TOPICAL TERM | |
| Topical term or geographic name entry element | CLAIMS |
| 650 ## - SUBJECT ADDED ENTRY--TOPICAL TERM | |
| Topical term or geographic name entry element | LIABILITY |
| 650 ## - SUBJECT ADDED ENTRY--TOPICAL TERM | |
| Topical term or geographic name entry element | REMEDIAL WORK |
| 650 ## - SUBJECT ADDED ENTRY--TOPICAL TERM | |
| Topical term or geographic name entry element | SIMPLEX CONCRETE PILES LTD V ST PANCRAS MBC |
| 690 ## - LOCAL SUBJECT ADDED ENTRY--TOPICAL TERM (OCLC, RLIN) | |
| Topical term or geographic name as entry element | BUILDING AND CONSTRUCTION-CASE LAW |
| 942 ## - ADDED ENTRY ELEMENTS (KOHA) | |
| Suppress in OPAC | 0 |
| 948 ## - LOCAL PROCESSING INFORMATION (OCLC); SERIES PART DESIGNATOR (RLIN) | |
| c (OCLC) | 04/03/1997 |
| Withdrawn status | Lost status | Source of classification or shelving scheme | Damaged status | Not for loan | Home library | Current library | Shelving location | Date acquired | Total Checkouts | Full call number | Barcode | Date last seen | Copy number | Price effective from | Koha item type |
|---|---|---|---|---|---|---|---|---|---|---|---|---|---|---|---|
| Dewey Decimal Classification | London | London | Journal article | 14/09/1999 | ABS45699 | 54594-1001 | 06/08/2019 | 1 | 06/08/2019 | Law report |